| 000 | 00537nam a2200157Ia 4500 | ||
|---|---|---|---|
| 008 | 100122s9999 xx 000 0 und d | ||
| 082 |
_b16814 _a294.5924 |
||
| 100 | _aगांधी मो क | ||
| 245 | _aगीता बोध मंगल प्रभात | ||
| 250 | _a0 | ||
| 260 |
_bसर्व सेवा संघ प्रकाशन _c1969 |
||
| 300 | _a108 | ||
| 630 | _aगीता बोध मंगल प्रभात | ||
| 730 | _aगीता बोध मंगल प्रभात | ||
| 942 | _cBOOK | ||
| 999 |
_c382808 _d382805 |
||